Industrial relations: Conceptual and legal framework (Record no. 396924)

MARC details
000 -LEADER
fixed length control field 00561 a2200205 4500
005 - DATE & TIME
control field 20260313121107.0
008 - FIXED-LENGTH DATA ELEMENTS--GENERAL INFORMATION
fixed length control field 260312b |||||||| |||| 00| 0 eng d
020 ## - ISBN
International Standard Book Number 9789356939042
Price Rs. 825.00
040 ## - CATALOGING SOURCE
Original cataloging agency VIVEKANANDA LIBRARY
082 ## - DDC NUMBER
Classification number 658.315
Book Number S74I(12)
100 ## - MAIN ENTRY--PERSONAL NAME
Personal name Sharma, A M
245 ## - TITLE STATEMENT
Title Industrial relations: Conceptual and legal framework
250 ## - EDITION STATEMENT
Edition statement 12th
260 ## - PUBLICATION, DISTRIBUTION, ETC. (IMPRINT)
Name of publisher, distributor, etc Himalaya Publishing House
Date of publication, distribution, etc 2023
Place of publication, distribution, etc Mumbai
300 ## - PHYSICAL DESCRIPTION
Pages 644
650 ## - Subject
Subject Management
650 ## - Subject
Subject Labor Management Relations
650 ## - Subject
Subject Industrial Relations
942 ## - ADDED ENTRY ELEMENTS (KOHA)
Koha item type Books
Holdings
Withdrawn status Lost status Source of classification or shelving scheme Damaged status Not for loan Location (home branch) Sublocation or collection (holding branch) Shelving location Date acquired Koha issues (times borrowed) Koha full call number Accession No. Koha date last seen Koha item type
    Dewey Decimal Classification     VIVEKANANDA LIBRARY VIVEKANANDA LIBRARY IMSAR Library 17/02/2026   658.315 S74I(12) 420848 17/02/2026 Books
© Designed and Maintained by Vivekananda Library, MDU Rohtak